[Event "Ufa-ch sf3"]
[Site "Ufa"]
[Date "2012.09.19"]
[Round "4.3"]
[White "Afanasiev, Dmitry"]
[Black "Bulgakov, Airat"]
[Result "1-0"]
[WhiteElo "1722"]
[BlackElo "1971"]
[PlyCount "57"]
[EventDate "2012.09.16"]
[EventType "swiss"]
[EventRounds "9"]
[EventCountry "RUS"]
[SourceTitle "EXT 2022"]
[Source "ChessBase"]
[SourceDate "2021.10.06"]
[SourceVersion "1"]
[SourceVersionDate "2021.10.06"]
[SourceQuality "1"]

1. e4 e5 2. Nf3 Nc6 3. d4 exd4 4. Nxd4 Bc5 5. Nb3 Bb6 6. Nc3 d6 7. Qe2 Be6 8. Be3 Nf6 9. f3 0-0 10. 0-0-0 Qe7 11. h4 Rfe8 12. g4 Rad8 13. h5 Nb4 14. g5 Nd7 15. Kb1 Bxe3 16. Qxe3 Nb6 17. h6 Bxb3 18. axb3 d5 19. Qd4 f6 20. gxf6 gxf6 21. Rg1+ Kh8 22. Rg7 Qf8 23. exd5 N6xd5 24. Bd3 Nxd3 25. Rxd3 Ne7 26. Qe4 Ng6 27. Rxd8 Rxd8 28. Nd5 Qd6 29. Ne7 1-0

[Event "Ufa Gumerov Memorial op"]
[Site "Ufa"]
[Date "2012.08.06"]
[Round "6"]
[White "Bulgakov, Airat"]
[Black "Ardashirov, Akhtjam"]
[Result "0-1"]
[WhiteElo "1949"]
[BlackElo "1994"]
[PlyCount "76"]
[EventDate "2012.08.01"]
[EventType "swiss"]
[EventRounds "9"]
[EventCountry "RUS"]
[SourceTitle "EXT 2013"]
[Source "ChessBase"]
[SourceDate "2012.11.22"]
[SourceVersion "1"]
[SourceVersionDate "2012.11.22"]
[SourceQuality "1"]

1. e4 c5 2. f4 Nc6 3. Nf3 g6 4. Nc3 Bg7 5. Bb5 a6 6. Bxc6 dxc6 7. 0-0 Nf6 8. d3 0-0 9. Qe1 Ne8 10. Be3 b6 11. Rd1 Qc7 12. Qh4 Nd6 13. Bc1 b5 14. Ne2 c4 15. g4 f6 16. Ng3 cxd3 17. cxd3 e5 18. b3 Nf7 19. fxe5 fxe5 20. Be3 Qd8 21. g5 Qa5 22. Rf2 Rd8 23. Rc2 Qc7 24. Bc5 Qd7 25. Kg2 Re8 26. h3 Nd8 27. Ne2 Ne6 28. Be3 Bb7 29. Qg3 Qc7 30. d4 exd4 31. Nexd4 Qxg3+ 32. Kxg3 Rad8 33. Rcd2 Nc5 34. Kh2 Nxe4 35. Rd3 Nc5 36. Rc3 b4 37. Rxc5 Rxe3 38. Rcc1 c5 0-1

[Event "Ufa Gumerov Memorial op"]
[Site "Ufa"]
[Date "2012.08.04"]
[Round "4"]
[White "Churaev, Raif"]
[Black "Bulgakov, Airat"]
[Result "0-1"]
[WhiteElo "2067"]
[BlackElo "1949"]
[PlyCount "84"]
[EventDate "2012.08.01"]
[EventType "swiss"]
[EventRounds "9"]
[EventCountry "RUS"]
[SourceTitle "EXT 2013"]
[Source "ChessBase"]
[SourceDate "2012.11.22"]
[SourceVersion "1"]
[SourceVersionDate "2012.11.22"]
[SourceQuality "1"]

1. g3 f5 2. Bg2 Nf6 3. d4 g6 4. Nc3 Bg7 5. Bf4 d6 6. Qd2 Nc6 7. 0-0-0 e6 8. Bh6 Qe7 9. Bxg7 Qxg7 10. Nf3 Bd7 11. Rhe1 0-0 12. e4 fxe4 13. Nxe4 Rae8 14. Nc3 Re7 15. Re3 Ng4 16. Re2 e5 17. d5 Nd8 18. Ng5 Nh6 19. Nce4 Nf5 20. Nf3 b6 21. Kb1 Nb7 22. g4 Nh6 23. g5 Nf5 24. h4 Nc5 25. Nf6+ Kh8 26. Qe1 Bb5 27. Red2 Nd7 28. Ne4 Ref7 29. Qh1 Ne7 30. h5 Rf4 31. Nc3 Ba6 32. Ne2 R4f7 33. Ng3 Nc5 34. Re1 Bc8 35. Re3 Bg4 36. Nh2 Bd7 37. f3 Rf4 38. Nhf1 Qf7 39. hxg6 Qxg6 40. Ne4 Nxe4 41. fxe4 Qxg5 42. Rdd3 Qxg2 0-1

[Event "Ufa Gumerov Memorial op"]
[Site "Ufa"]
[Date "2012.08.02"]
[Round "2"]
[White "Ibragimov, Maxim"]
[Black "Bulgakov, Airat"]
[Result "1-0"]
[WhiteElo "2163"]
[BlackElo "1949"]
[PlyCount "157"]
[EventDate "2012.08.01"]
[EventType "swiss"]
[EventRounds "9"]
[EventCountry "RUS"]
[SourceTitle "EXT 2013"]
[Source "ChessBase"]
[SourceDate "2012.11.22"]
[SourceVersion "1"]
[SourceVersionDate "2012.11.22"]
[SourceQuality "1"]

1. e4 e5 2. Nf3 Nc6 3. Nc3 Nf6 4. d4 exd4 5. Nxd4 Bb4 6. Nxc6 bxc6 7. Qf3 0-0 8. Bg5 Be7 9. Bc4 d6 10. 0-0 Be6 11. Bb3 Nd7 12. Be3 Ne5 13. Qe2 Bf6 14. Rad1 Qe7 15. h3 Rfd8 16. f4 Nd7 17. Ba4 Nb8 18. Bd4 Bxd4+ 19. Rxd4 Bd7 20. Rd2 a5 21. Rfd1 Na6 22. e5 d5 23. Bb3 Nc5 24. Bxd5 cxd5 25. Nxd5 Qf8 26. Nxc7 Rac8 27. Nd5 Bc6 28. Ne3 Ne4 29. Rxd8 Rxd8 30. Nf5 g6 31. Nh6+ Kg7 32. Ng4 h5 33. Ne3 Qe7 34. Kh2 Qh4 35. Rxd8 Qxd8 36. Qf3 Qe7 37. c3 Qc5 38. Nc2 Nd6 39. Qe2 Nf5 40. Qd2 Qc4 41. b3 Qe4 42. Ne1 Ne3 43. Qf2 Nd5 44. Nc2 Nxf4 45. Nd4 Bd5 46. c4 Bb7 47. Nf3 Ne2 48. Kh1 Qb1+ 49. Ne1 Qe4 50. Nf3 Qb1+ 51. Ne1 Qxa2 52. Qf6+ Kg8 53. e6 fxe6 54. Qxe6+ Kh8 55. Qe8+ Kh7 56. Qf7+ Kh6 57. Qf8+ Kh7 58. Qe7+ Kh6 59. Qe3+ Kh7 60. Kh2 Bc6 61. Qe7+ Kh6 62. Qe3+ Kh7 63. c5 Qb2 64. Nd3 Qc2 65. Qe7+ Kh6 66. Ne5 Nf4 67. Qf8+ Kh7 68. Qf7+ Kh8 69. Qf6+ Kh7 70. Qxc6 Qxb3 71. Qd7+ Kh6 72. Nf7+ Kg7 73. Ng5+ Kh6 74. h4 Qg8 75. c6 Nd5 76. Nf7+ Kg7 77. Qxd5 Qb8+ 78. Ne5 a4 79. Qf7+ 1-0

[Event "Sterlitamak Rochinskiy op"]
[Site "Sterlitamak"]
[Date "2012.06.24"]
[Round "3"]
[White "Bulgakov, Airat"]
[Black "Mukhamedov, Boris"]
[Result "1-0"]
[WhiteElo "1949"]
[BlackElo "1587"]
[PlyCount "71"]
[EventDate "2012.06.22"]
[EventType "swiss"]
[EventRounds "9"]
[EventCountry "RUS"]
[SourceTitle "EXT 2013"]
[Source "ChessBase"]
[SourceDate "2012.11.22"]
[SourceVersion "1"]
[SourceVersionDate "2012.11.22"]
[SourceQuality "1"]

1. e4 e5 2. Nf3 Nc6 3. Bc4 Be7 4. d4 exd4 5. c3 Nf6 6. e5 Ne4 7. 0-0 d5 8. Bb5 Bd7 9. Bxc6 bxc6 10. Nxd4 c5 11. Ne2 c6 12. f3 Ng5 13. f4 Ne4 14. f5 Bg5 15. Nd2 Be3+ 16. Kh1 Nf2+ 17. Rxf2 Bxf2 18. e6 fxe6 19. fxe6 Bxe6 20. Nf4 Qf6 21. Nf3 0-0 22. Qe2 Bg4 23. Qxf2 Rae8 24. Bd2 Re4 25. Ne2 Bxf3 26. gxf3 Qe6 27. Ng3 Rh4 28. Rg1 Qh3 29. Qg2 Qd7 30. Bg5 Rc4 31. Nh5 Kh8 32. Re1 Re8 33. Rg1 h6 34. Nf6 Qf7 35. Nxe8 hxg5 36. Nd6 1-0

[Event "Ufa-ch sf2"]
[Site "Ufa"]
[Date "2012.05.29"]
[Round "9"]
[White "Bulgakov, Airat"]
[Black "Valiullin, Artur"]
[Result "1-0"]
[WhiteElo "1949"]
[BlackElo "1967"]
[PlyCount "51"]
[EventDate "2012.05.21"]
[EventType "swiss"]
[EventRounds "9"]
[EventCountry "RUS"]
[SourceTitle "EXT 2014"]
[Source "ChessBase"]
[SourceDate "2013.11.20"]
[SourceVersion "1"]
[SourceVersionDate "2013.11.20"]
[SourceQuality "1"]

1. e4 c5 2. f4 Nc6 3. Nf3 d6 4. Bb5 g6 5. Bxc6+ bxc6 6. 0-0 Bg7 7. c4 Nf6 8. Nc3 0-0 9. d3 Rb8 10. Na4 Ne8 11. Rb1 Nc7 12. b3 Ne6 13. Qe1 Nd4 14. Bb2 Bg4 15. Nxd4 cxd4 16. f5 Be5 17. h3 e6 18. Bc1 Bh5 19. g4 gxf5 20. gxh5 Kh8 21. Kh1 Rg8 22. Bf4 Bxf4 23. Rxf4 Qg5 24. Qf2 fxe4 25. Rg4 Qxh5 26. Qf6+ 1-0

[Event "Ufa-ch sf2"]
[Site "Ufa"]
[Date "2012.05.27"]
[Round "7"]
[White "Vildanov, Ruslan"]
[Black "Bulgakov, Airat"]
[Result "1/2-1/2"]
[WhiteElo "1888"]
[BlackElo "1949"]
[PlyCount "88"]
[EventDate "2012.05.21"]
[EventType "swiss"]
[EventRounds "9"]
[EventCountry "RUS"]
[SourceTitle "EXT 2014"]
[Source "ChessBase"]
[SourceDate "2013.11.20"]
[SourceVersion "1"]
[SourceVersionDate "2013.11.20"]
[SourceQuality "1"]

1. e4 e5 2. Nf3 Nc6 3. Bb5 f5 4. Nc3 fxe4 5. Nxe4 d5 6. Nxe5 dxe4 7. Nxc6 Qg5 8. Qe2 Nf6 9. f4 Qh4+ 10. g3 Qh3 11. Ne5+ c6 12. Bc4 h5 13. Nf7 h4 14. Nxh8 hxg3 15. Ng6 Bc5 16. d4 Bxd4 17. Bf7+ Kxf7 18. Qc4+ Kxg6 19. Qxd4 Qh4 20. Rg1 Qxh2 21. Qe3 g2 22. f5+ Bxf5 23. Qg5+ Kf7 24. Rxg2 Qh7 25. Rf2 Bg6 26. Bd2 e3 27. Bxe3 Bxc2 28. Qc5 Re8 29. Qc4+ Kf8 30. Re2 Nd5 31. Bc5+ Kf7 32. Rxe8 Kxe8 33. Qe2+ Kd7 34. Kd2 Ba4 35. Qg4+ Kc7 36. Qxa4 Qh2+ 37. Kc1 Qh6+ 38. Kc2 Qh2+ 39. Kc1 Qh6+ 40. Kc2 Qg6+ 41. Kc1 Qg5+ 42. Kc2 Qf5+ 43. Kc1 Qg5+ 44. Kc2 Qg2+ 1/2-1/2

[Event "Ufa-ch sf2"]
[Site "Ufa"]
[Date "2012.05.24"]
[Round "4"]
[White "Bulgakov, Airat"]
[Black "Abelguzin, Rashit"]
[Result "1-0"]
[WhiteElo "1949"]
[BlackElo "1702"]
[PlyCount "79"]
[EventDate "2012.05.21"]
[EventType "swiss"]
[EventRounds "9"]
[EventCountry "RUS"]
[SourceTitle "EXT 2014"]
[Source "ChessBase"]
[SourceDate "2013.11.20"]
[SourceVersion "1"]
[SourceVersionDate "2013.11.20"]
[SourceQuality "1"]

1. e4 e5 2. Nf3 Nc6 3. Bc4 Bc5 4. 0-0 Nf6 5. d4 exd4 6. e5 d5 7. Bb5 Ne4 8. Nxd4 Bd7 9. Bxc6 bxc6 10. f3 Ng5 11. Nc3 Ne6 12. Nce2 Nxd4 13. Nxd4 Qh4 14. Be3 Rb8 15. Rb1 Rb4 16. c3 Rb8 17. Kh1 Bxd4 18. Bxd4 Bf5 19. Bxa7 Rb7 20. Bf2 Qg5 21. Qa4 0-0 22. Qxc6 Rb6 23. Bxb6 Bxb1 24. Rxb1 cxb6 25. Qxd5 Rd8 26. Qe4 Rd2 27. f4 Qd8 28. h3 h5 29. e6 fxe6 30. Qxe6+ Kh8 31. Qe5 h4 32. Re1 Rxb2 33. Qh5+ Kg8 34. Re8+ Qxe8 35. Qxe8+ Kh7 36. Qh5+ Kg8 37. Kh2 Kf8 38. Qxh4 Ke8 39. Qh8+ Kd7 40. Qxg7+ 1-0

[Event "Ufa-ch sf2"]
[Site "Ufa"]
[Date "2012.05.21"]
[Round "1"]
[White "Gusev, Fedor"]
[Black "Bulgakov, Airat"]
[Result "0-1"]
[WhiteElo "1549"]
[BlackElo "1949"]
[PlyCount "35"]
[EventDate "2012.05.21"]
[EventType "swiss"]
[EventRounds "9"]
[EventCountry "RUS"]
[SourceTitle "EXT 2014"]
[Source "ChessBase"]
[SourceDate "2013.11.20"]
[SourceVersion "1"]
[SourceVersionDate "2013.11.20"]
[SourceQuality "1"]

1. e4 e5 2. Nf3 Nc6 3. d4 exd4 4. Nxd4 Nf6 5. Nxc6 bxc6 6. f3 Bc5 7. c3 Nh5 8. b4 Bb6 9. Na3 Qh4+ 10. g3 Nxg3 11. hxg3 Qxh1 12. Nc4 Ba6 13. Nxb6 Qxf1+ 14. Kd2 Qxd1+ 15. Kxd1 cxb6 16. a4 h5 17. Bg5 f6 18. Bf4 0-1

[Event "Ufa Kopylov Memorial op 8th"]
[Site "Ufa"]
[Date "2011.12.25"]
[Round "9"]
[White "Bulgakov, Airat"]
[Black "Akhmetov, Artur"]
[Result "1-0"]
[WhiteElo "1960"]
[BlackElo "1906"]
[PlyCount "139"]
[EventDate "2011.12.17"]
[EventType "swiss"]
[EventRounds "9"]
[EventCountry "RUS"]
[SourceTitle "CBM 146 Extra"]
[Source "ChessBase"]
[SourceDate "2012.02.29"]
[SourceVersion "1"]
[SourceVersionDate "2012.02.29"]
[SourceQuality "1"]

1. e4 e5 2. Nf3 Nc6 3. d4 exd4 4. Nxd4 d6 5. Bc4 Nf6 6. Nc3 Be7 7. 0-0 0-0 8. f3 Nxd4 9. Qxd4 Be6 10. Bb3 a6 11. Ne2 Bxb3 12. axb3 Nd7 13. c3 Nc5 14. Qd1 Qd7 15. Be3 Rad8 16. Ng3 Qb5 17. b4 Ne6 18. Qb3 Bf6 19. Ra5 Qc6 20. Rd5 Rfe8 21. Rfd1 Be5 22. Nf5 Kf8 23. g3 g5 24. Qc2 Qc4 25. Qg2 c6 26. R5d2 d5 27. exd5 Rxd5 28. Rxd5 cxd5 29. Qd2 f6 30. Qxd5 Qxd5 31. Rxd5 Rd8 32. Rxd8+ Nxd8 33. Kf2 Kf7 34. h4 gxh4 35. Nxh4 Ke6 36. f4 Bd6 37. Ke2 Nf7 38. Kd3 Nh6 39. Ke4 f5+ 40. Kd3 Ng4 41. Bd4 Nh2 42. Ke2 Be7 43. Ng2 Ng4 44. Ne3 Nxe3 45. Kxe3 Kd5 46. Kd3 b5 47. b3 Kc6 48. Be3 h5 49. Bf2 Bf8 50. Be1 Bg7 51. c4 Bb2 52. Bc3 Bc1 53. Kd4 h4 54. gxh4 Bxf4 55. Be1 Kd6 56. c5+ Ke6 57. h5 Bh6 58. Bc3 Bg7+ 59. Kd3 Bh6 60. Bd2 f4 61. Ke4 f3 62. Be3 f2 63. Bxf2 Bd2 64. Be3 Bxb4 65. h6 Kf7 66. Kf5 Bc3 67. c6 Ke7 68. Bf4 b4 69. Be5 Kf7 70. c7 1-0

[Event "Ufa Kopylov Memorial op 8th"]
[Site "Ufa"]
[Date "2011.12.23"]
[Round "7"]
[White "Bulgakov, Airat"]
[Black "Iskhakov, Artur"]
[Result "0-1"]
[WhiteElo "1960"]
[BlackElo "1869"]
[PlyCount "124"]
[EventDate "2011.12.17"]
[EventType "swiss"]
[EventRounds "9"]
[EventCountry "RUS"]
[SourceTitle "CBM 146 Extra"]
[Source "ChessBase"]
[SourceDate "2012.02.29"]
[SourceVersion "1"]
[SourceVersionDate "2012.02.29"]
[SourceQuality "1"]

1. e4 c6 2. d4 d5 3. Nc3 dxe4 4. Nxe4 Nf6 5. Ng3 g6 6. Nf3 Bg7 7. Be2 0-0 8. 0-0 Qc7 9. Bg5 Nbd7 10. Qd2 e5 11. c3 Re8 12. Rad1 exd4 13. Nxd4 Nc5 14. f3 Ne6 15. Nxe6 Bxe6 16. b3 Nd5 17. Rc1 Qb6+ 18. Kh1 f6 19. c4 fxg5 20. cxd5 Bxd5 21. Qxg5 Re5 22. Qh4 Qa5 23. Bc4 Qxa2 24. Ne4 Bxc4 25. bxc4 Rf8 26. Ng5 h6 27. Ne4 Kh7 28. Rfd1 b5 29. Rd7 Ref5 30. Qg3 R5f7 31. Rd6 g5 32. Rxc6 b4 33. Qh3 Kg8 34. Rg6 b3 35. Qxh6 Qb2 36. Nf6+ Qxf6 37. Rxf6 Bxh6 38. Rxh6 b2 39. Rb1 Kg7 40. Ra6 Rb8 41. Kg1 Rc7 42. Kf2 Rxc4 43. Rxa7+ Kg6 44. Re7 Kf6 45. Re2 Rcb4 46. Kg3 Kf5 47. Rc2 R4b5 48. h4 gxh4+ 49. Kxh4 Kf4 50. Rc4+ Ke3 51. Kg3 Kd3 52. Re4 Kc2 53. Ree1 Ra8 54. f4 Rb3+ 55. Kf2 Rd8 56. Rf1 Rd2+ 57. Kg1 Rg3 58. Rxb2+ Kxb2 59. Rf2 Kc2 60. Rxd2+ Kxd2 61. Kf2 Rg8 62. Kf3 Kd3 0-1

[Event "Ufa-ch FL"]
[Site "Ufa"]
[Date "2011.11.29"]
[Round "9.8"]
[White "Yusupov, Marat"]
[Black "Bulgakov, Airat"]
[Result "1-0"]
[WhiteElo "1764"]
[BlackElo "1949"]
[PlyCount "85"]
[EventDate "2011.11.20"]
[EventType "swiss"]
[EventRounds "9"]
[EventCountry "RUS"]
[SourceTitle "EXT 2022"]
[Source "ChessBase"]
[SourceDate "2021.10.06"]
[SourceVersion "1"]
[SourceVersionDate "2021.10.06"]
[SourceQuality "1"]

1. d4 e6 2. Nf3 b6 3. e3 Bb7 4. Bd3 f5 5. c4 Nf6 6. Nc3 Bb4 7. Bd2 0-0 8. a3 Be7 9. 0-0 Ne4 10. Bxe4 fxe4 11. Ne1 Rf6 12. g3 d5 13. Ng2 Nd7 14. cxd5 exd5 15. Qb3 Rf7 16. Nxd5 Bf8 17. Ndf4 c5 18. Ne6 Qf6 19. Ngf4 Bd6 20. d5 Ne5 21. Bc3 Nf3+ 22. Kg2 Be5 23. Bxe5 Nxe5 24. h4 g6 25. Qa4 Qf5 26. Rfd1 h6 27. Rd2 g5 28. hxg5 hxg5 29. Nh3 Nf3 30. Rc2 Bxd5 31. Nxc5 bxc5 32. Rxc5 Rh7 33. Rh1 Rf8 34. Qd1 Rxh3 35. Rxh3 Nh4+ 36. gxh4 Qxf2+ 37. Kh1 Be6 38. Rh2 Qxe3 39. Rxg5+ Kf7 40. Qh5+ Ke7 41. Rg7+ Kd6 42. Qd1+ Ke5 43. Rg5+ 1-0

[Event "Ufa Siamidi Memorial"]
[Site "Ufa"]
[Date "2011.10.23"]
[Round "8.5"]
[White "Bulgakov, Airat"]
[Black "Zatokovenko, Igor"]
[Result "0-1"]
[WhiteElo "1949"]
[BlackElo "2257"]
[PlyCount "70"]
[EventDate "2011.10.16"]
[EventType "swiss"]
[EventRounds "9"]
[EventCountry "RUS"]
[SourceTitle "EXT 2012"]
[Source "ChessBase"]
[SourceDate "2011.11.24"]
[SourceVersion "1"]
[SourceVersionDate "2011.11.24"]
[SourceQuality "1"]

1. e4 c6 2. Nf3 d5 3. Nc3 Bg4 4. d4 e6 5. Be2 Nf6 6. e5 Nfd7 7. Bf4 c5 8. 0-0 Nc6 9. dxc5 Bxc5 10. Re1 0-0 11. Ng5 Bxe2 12. Qxe2 h6 13. Nf3 Qa5 14. a3 Qc7 15. Qd2 a6 16. Rad1 Rfc8 17. Nxd5 Qd8 18. Nc3 Nb6 19. Qe2 Qf8 20. Ne4 Nd5 21. Bc1 b5 22. b3 Bxa3 23. Bxa3 Qxa3 24. Nd6 Nc3 25. Qd2 Nxd1 26. Nxc8 Rxc8 27. Rxd1 Qc5 28. Qe2 Nb4 29. Ne1 Nd5 30. Qg4 a5 31. h3 Qc3 32. Kf1 Ra8 33. Qe4 a4 34. Rd3 Qc8 35. Qf3 a3 0-1

[Event "Ufa Siamidi Memorial"]
[Site "Ufa"]
[Date "2011.10.22"]
[Round "7.9"]
[White "Malin, Denis Sergeevich"]
[Black "Bulgakov, Airat"]
[Result "0-1"]
[WhiteElo "2037"]
[BlackElo "1949"]
[PlyCount "104"]
[EventDate "2011.10.16"]
[EventType "swiss"]
[EventRounds "9"]
[EventCountry "RUS"]
[SourceTitle "EXT 2012"]
[Source "ChessBase"]
[SourceDate "2011.11.24"]
[SourceVersion "1"]
[SourceVersionDate "2011.11.24"]
[SourceQuality "1"]

1. d4 Nf6 2. c4 c5 3. d5 e6 4. Nc3 exd5 5. cxd5 d6 6. Nf3 g6 7. Bg5 Bg7 8. h3 0-0 9. e3 a6 10. a4 Qa5 11. Nd2 Qb4 12. Ra3 h6 13. Bf4 Re8 14. Nc4 Ne4 15. Rb3 Nxc3 16. Rxb4 Nxd1 17. Rb3 b5 18. Nxd6 bxa4 19. Nxe8 axb3 20. Kxd1 Bxb2 21. Bc4 a5 22. Nd6 Bd7 23. Bxb3 a4 24. Ba2 Na6 25. Nc4 Bg7 26. Ne5 Bb5 27. d6 Bxe5 28. Bxe5 Nb4 29. Bb1 f5 30. Kd2 a3 31. Bc2 Kf8 32. g4 Bc6 33. Rg1 Nxc2 34. Kxc2 fxg4 35. hxg4 Kf7 36. f4 a2 37. Ra1 Be4+ 38. Kb3 Bb1 39. Kc4 Rc8 40. e4 Ke6 41. Kb3 c4+ 42. Kc3 h5 43. gxh5 gxh5 44. Bd4 Kxd6 45. f5 h4 46. e5+ Kd5 47. e6 h3 48. Bg1 Ke5 49. Bh2+ Kxf5 50. e7 Re8 51. Kxc4 Rxe7 52. Kc3 Kg4 0-1

[Event "Ufa Siamidi Memorial"]
[Site "Ufa"]
[Date "2011.10.20"]
[Round "5.10"]
[White "Gumerov, Renant"]
[Black "Bulgakov, Airat"]
[Result "1-0"]
[WhiteElo "2102"]
[BlackElo "1949"]
[PlyCount "85"]
[EventDate "2011.10.16"]
[EventType "swiss"]
[EventRounds "9"]
[EventCountry "RUS"]
[SourceTitle "EXT 2012"]
[Source "ChessBase"]
[SourceDate "2011.11.24"]
[SourceVersion "1"]
[SourceVersionDate "2011.11.24"]
[SourceQuality "1"]

1. c3 e5 2. Qa4 Nc6 3. g4 Bc5 4. Nf3 Bb6 5. d3 d6 6. Bg2 Nge7 7. Nbd2 Bd7 8. h3 Ng6 9. Qc2 Nf4 10. Bf1 a6 11. e3 Ng6 12. Be2 Qe7 13. b4 f5 14. gxf5 Bxf5 15. h4 Rf8 16. h5 Nh8 17. a4 Nf7 18. Rg1 Nh6 19. Nc4 Ba7 20. b5 Nb8 21. Ng5 Rh8 22. Bf3 Bc8 23. Be4 Bc5 24. bxa6 Nxa6 25. Bd2 Ng4 26. Nxh7 Be6 27. Na5 c6 28. Rb1 Rb8 29. d4 Ba7 30. Bf3 Nf6 31. Nxf6+ gxf6 32. Be2 f5 33. Nxb7 Rxb7 34. Bxa6 Rxb1+ 35. Qxb1 Rxh5 36. Be2 Rh2 37. Qb4 c5 38. Qb5+ Kf7 39. dxe5 dxe5 40. Bc4 Kf6 41. Qa6 Rh7 42. Bxe6 Qxe6 43. Rg6+ 1-0

[Event "Ufa Siamidi Memorial"]
[Site "Ufa"]
[Date "2011.10.18"]
[Round "3.9"]
[White "Kondaratsev, Denis"]
[Black "Bulgakov, Airat"]
[Result "1/2-1/2"]
[WhiteElo "2055"]
[BlackElo "1949"]
[PlyCount "83"]
[EventDate "2011.10.16"]
[EventType "swiss"]
[EventRounds "9"]
[EventCountry "RUS"]
[SourceTitle "EXT 2012"]
[Source "ChessBase"]
[SourceDate "2011.11.24"]
[SourceVersion "1"]
[SourceVersionDate "2011.11.24"]
[SourceQuality "1"]

1. e4 e5 2. Nc3 Nf6 3. f4 d5 4. fxe5 Nxe4 5. Nf3 Bc5 6. d4 Bb4 7. Bd2 Bxc3 8. Bxc3 0-0 9. Bd3 Bg4 10. 0-0 f6 11. Qe1 Bxf3 12. Rxf3 Ng5 13. Rf1 Nc6 14. exf6 Rxf6 15. Qg3 Ne4 16. Bxe4 dxe4 17. Rxf6 Qxf6 18. d5 Nd4 19. Re1 Rf8 20. Qe3 Nxc2 21. Bxf6 Nxe3 22. Rxe3 Rxf6 23. Rxe4 Kf7 24. Rc4 c6 25. dxc6 Rxc6 26. Rxc6 bxc6 27. Kf2 Ke6 28. Ke3 Kd5 29. Kd3 c5 30. b3 a6 31. a3 a5 32. a4 g6 33. g3 Kd6 34. Kc4 Kc6 35. Kc3 Kd5 36. Kd3 h6 37. h3 Kd6 38. Kc4 Kc6 39. Kc3 Kd6 40. Kc4 Kc6 41. Kc3 Kd6 42. Kc4 1/2-1/2

[Event "Sterlitamak op"]
[Site "Sterlitamak"]
[Date "2011.06.30"]
[Round "4"]
[White "Gumerov, Renant"]
[Black "Bulgakov, Airat"]
[Result "0-1"]
[WhiteElo "2203"]
[BlackElo "1950"]
[PlyCount "77"]
[EventDate "2011.06.27"]
[EventType "swiss"]
[EventRounds "9"]
[EventCountry "RUS"]
[SourceTitle "EXT 2012"]
[Source "ChessBase"]
[SourceDate "2011.11.24"]
[SourceVersion "1"]
[SourceVersionDate "2011.11.24"]
[SourceQuality "1"]

1. d4 c5 2. Nc3 cxd4 3. Qxd4 Nc6 4. Qh4 Nf6 5. Bg5 d6 6. e4 Be6 7. 0-0-0 Qa5 8. Bb5 0-0-0 9. Bxc6 bxc6 10. Rd4 h6 11. Be3 g5 12. Qg3 c5 13. Ra4 Qb6 14. f3 Nd7 15. Nge2 Bg7 16. b3 Ne5 17. Rd1 Nc6 18. Nd5 Bxd5 19. exd5 Nb4 20. a3 Na6 21. Qg4+ Kb8 22. Bd2 Nc7 23. Ba5 Qb7 24. Qf5 Rhf8 25. Ng3 Qc8 26. Qd3 e6 27. c4 Rd7 28. Kc2 exd5 29. Bxc7+ Qxc7 30. Qxd5 Re8 31. Ne4 Re5 32. Qd3 f5 33. Nc3 Qd8 34. b4 Qf6 35. Rd2 Re1 36. bxc5 dxc5 37. Ra5 Rxd3 38. Rb5+ Ka8 39. Rxd3 0-1

[Event "Sterlitamak op"]
[Site "Sterlitamak"]
[Date "2011.06.28"]
[Round "2"]
[White "Vlasov, Andrey"]
[Black "Bulgakov, Airat"]
[Result "1-0"]
[WhiteElo "2281"]
[BlackElo "1950"]
[PlyCount "81"]
[EventDate "2011.06.27"]
[EventType "swiss"]
[EventRounds "9"]
[EventCountry "RUS"]
[SourceTitle "EXT 2012"]
[Source "ChessBase"]
[SourceDate "2011.11.24"]
[SourceVersion "1"]
[SourceVersionDate "2011.11.24"]
[SourceQuality "1"]

1. d4 e6 2. g3 b6 3. Bg2 Nc6 4. Nf3 Bb7 5. 0-0 f5 6. c4 Nf6 7. Nc3 Bb4 8. d5 Ne7 9. dxe6 Bxc3 10. exd7+ Nxd7 11. bxc3 0-0 12. Be3 Nf6 13. Qb3 Qe8 14. c5+ Kh8 15. c4 Ng6 16. Bd4 Qe7 17. cxb6 axb6 18. c5 Bd5 19. Bxf6 Qxc5 20. Bd4 Qd6 21. Qb2 Qe7 22. Ne5 Bxg2 23. Nxg6+ hxg6 24. Kxg2 c5 25. Be5 Qb7+ 26. Kg1 Rf7 27. Rfc1 Qc6 28. Rd1 Rb7 29. Rd6 Qe8 30. Rc1 Rc8 31. a4 Kh7 32. Rc4 g5 33. f4 g4 34. Rxb6 Rd7 35. Rb7 Qf7 36. Rxd7 Qxd7 37. Qc2 Kg6 38. Rxc5 Rxc5 39. Qxc5 Qd1+ 40. Kf2 Qxa4 41. Qe7 1-0

[Event "Ufa Kopylov Memorial op-B 7th"]
[Site "Ufa"]
[Date "2010.12.28"]
[Round "9"]
[White "Bulgakov, Airat"]
[Black "Abelguzin, Dinar"]
[Result "0-1"]
[WhiteElo "1959"]
[BlackElo "1929"]
[PlyCount "48"]
[EventDate "2010.12.21"]
[EventType "swiss"]
[EventRounds "9"]
[EventCountry "RUS"]
[SourceTitle "EXT 2012"]
[Source "ChessBase"]
[SourceDate "2011.11.24"]
[SourceVersion "1"]
[SourceVersionDate "2011.11.24"]
[SourceQuality "1"]

1. e4 e5 2. Nf3 Nc6 3. Bc4 Bc5 4. 0-0 Nf6 5. d4 Bxd4 6. Nxd4 Nxd4 7. f4 d6 8. fxe5 dxe5 9. Bg5 Qe7 10. Nd2 Be6 11. Kh1 0-0-0 12. c3 Nc6 13. Bb5 Qc5 14. Qe2 Bg4 15. Nf3 Kb8 16. Rad1 Rxd1 17. Rxd1 a6 18. Bc4 Rd8 19. Rxd8+ Nxd8 20. Qd3 Bxf3 21. gxf3 Qd6 22. Qxd6 cxd6 23. Kg2 Ne6 24. Kf2 Nxg5 0-1

[Event "Ufa op"]
[Site "Ufa"]
[Date "2010.11.28"]
[Round "9"]
[White "Churaev, Raif"]
[Black "Bulgakov, Airat"]
[Result "1-0"]
[WhiteElo "2147"]
[BlackElo "1959"]
[PlyCount "88"]
[EventDate "2010.11.20"]
[EventType "swiss"]
[EventRounds "9"]
[EventCountry "RUS"]
[SourceTitle "CBM 139 Extra"]
[Source "ChessBase"]
[SourceDate "2011.01.05"]
[SourceVersion "1"]
[SourceVersionDate "2011.01.05"]
[SourceQuality "1"]

1. d4 e6 2. g3 b6 3. Bg2 Nc6 4. Nf3 Bb7 5. 0-0 f5 6. c4 Nf6 7. Ne5 Be7 8. Nc3 0-0 9. Qa4 Na5 10. Bd2 Bxg2 11. Kxg2 Nb7 12. Rad1 Nd6 13. d5 Nfe4 14. Qxd7 exd5 15. Nxd5 Bf6 16. Qxd8 Raxd8 17. Nxf6+ Rxf6 18. f3 Nxd2 19. Rxd2 Re6 20. f4 Nf7 21. Rxd8+ Nxd8 22. Rd1 Nc6 23. Nxc6 Rxc6 24. b3 Kf7 25. Kf3 Ke6 26. Rd5 g6 27. h3 a6 28. a4 h5 29. g4 Rd6 30. gxf5+ gxf5 31. Rxd6+ Kxd6 32. e4 Ke6 33. Ke3 c6 34. b4 Kf6 35. exf5 Kxf5 36. Kf3 Kf6 37. Ke4 Ke6 38. f5+ Kf6 39. h4 Kf7 40. Ke5 Ke7 41. f6+ Kf7 42. Kf5 b5 43. cxb5 a5 44. bxa5 c5 1-0

[Event "Ufa op"]
[Site "Ufa"]
[Date "2010.11.26"]
[Round "7"]
[White "Malin, Denis Sergeevich"]
[Black "Bulgakov, Airat"]
[Result "1-0"]
[WhiteElo "2068"]
[BlackElo "1959"]
[PlyCount "79"]
[EventDate "2010.11.20"]
[EventType "swiss"]
[EventRounds "9"]
[EventCountry "RUS"]
[SourceTitle "CBM 139 Extra"]
[Source "ChessBase"]
[SourceDate "2011.01.05"]
[SourceVersion "1"]
[SourceVersionDate "2011.01.05"]
[SourceQuality "1"]

1. d4 e6 2. c4 b6 3. Nc3 Bb7 4. e4 Bb4 5. d5 Qe7 6. Be3 f5 7. exf5 exf5 8. Nge2 Nf6 9. Qc2 Bxc3+ 10. bxc3 Na6 11. h3 0-0 12. 0-0-0 Ne4 13. Bd4 f4 14. f3 Nd6 15. Ng1 Nc5 16. Bxc5 bxc5 17. Bd3 g6 18. h4 Rab8 19. h5 g5 20. Nh3 Qf6 21. Bxh7+ Kh8 22. Bd3 Ba6 23. Nf2 Bxc4 24. Ng4 Bxd3 25. Qxd3 Qf5 26. Qxf5 Rxf5 27. Rhe1 Kg7 28. h6+ Kg6 29. Ne5+ Kxh6 30. Nxd7 Rd8 31. Re6+ Kg7 32. Nxc5 Nc4 33. Re7+ Kg8 34. Rxc7 Rdxd5 35. Rxd5 Rxd5 36. Ne4 Ne3 37. Nf6+ Kf8 38. Nxd5 Ke8 39. Nxe3 fxe3 40. Kd1 1-0